01748cam a22003854i 4500003000900000005001700009008004100026035002000067040003300087100004500120245012400165264001000289300004000299336002100339337002500360338002300385502006100408504004100469520068900510526001001199526001001209526000901219526000901228526000901237526000901246526000901255526000901264526000901273526000801282526000801290526000801298526000801306526000801314650004001322PE-LiUPU20250731165406.0151012s2012 pe a grm 000 0 spa d a(Sirsi) a154828 aPE-LiUPUbspacPE-LiUPUerda1 aMontalvo García, Samuel Albertoeautor10aAnálisis de metodologías de presupuestos de trabajos en la industria gráfica /cSamuel Alberto Montalvo García. 0c2012. a137 hojas : bilustraciones;c30 cm atext2rdacontent aunmediated2rdamedia avolume2rdacarrier aInformeb(Lic.) -- cUniversidad Peruana Unión,d2012. aIncluye referencias bibliográficas3 aEl presente informe tiene como objetivo exponer diferentes formas de realizar los presupuestos de trabajos en la industria gráfica, pero enfocado a las pequeñas empresas o aquellas que no cuentan con un sistema de costos establecido formalmente. Entiéndase para el presente informe cuando se indica presupuestos lo que en realidad se quiere hacer referencia es a las cotizaciones. Se utiliza presupuestos porque el término es de mayor difusión en la industria gráfica. En el presente informe cabe mencionar está la experiencia obtenida en el campo de labor ya que es casi imposible conseguir algún material que enseñe a elaborar presupuestos de trabajos de imprenta. aSEG44 aSEG26 aP151 aP150 aP149 aP146 aP145 aP126 aP125 aP92 aP75 aP74 aP27 aP1514aPresupuestos (Industria gráfica).